| 000 | 00532nam a22001577a 4500 | ||
|---|---|---|---|
| 003 | SGT | ||
| 020 | _a9788180547751 | ||
| 082 | _a657.GUP | ||
| 100 | _aGUPTA,R L | ||
| 245 | _aFINANCIAL ACCOUNTIG | ||
| 260 |
_aNEW DELHI _bSULTAN _c2012 |
||
| 300 | _aV.P | ||
| 650 | _aACCOUNTING | ||
| 653 | _aFINANCIAL ACCOUNTING AND FINANCIAL STATEMENTS,DEPARTMENT ACCOUNTING,ROYALTY ACCOUNTS,ACCOUNTING STANDARDS.TOTAL,DISSOLUTION ACCOUNTING,COMPANY ACCOUNTING-SHARE CAPITAL, BANK ACCOUNTING,NATURE OF FINANCIAL STATEMENT, | ||
| 942 |
_2ddc _cFCM _02 |
||
| 999 |
_c9116 _d9116 |
||